000 01740nam0a2200313 4500
001 RU\NLR\bibl\825507
005 20250614140245.0
021 _aRU
_b2005-35519
_91770
035 _a(NLR Aleph) 000814406
090 _a1261590
_c1261590
100 _a20050729d2005 |||y0rusy50 ca
101 0 _arus
102 _aRU
105 _ay |||||||||
200 1 _aРазвитие связной речи учащихся национальной школы в процессе работы над синтаксическими конструкциями
_eучебно-методическое пособие
_fР. П. Бибилова, Л. В. Газаева
_gМ-во образования и науки Рос. Федерации, Агентство по образованию Рос. Федерации, Сев.-Осет. гос. ун-т им. К. Л. Хетагурова
210 _aВладикавказ
_cИзд-во Северо-Осетинского государственного университета
_d2005
215 _a59 с.
_d21
320 _aБиблиогр.: с. 55-59 (58 назв.) и в подстроч. прим.
606 1 _aРусский язык
_jУчебно-методические пособия
_xСинтаксис
_xПреподавание
_xНациональная школа
_92396870
_3RU\NLR\auth\661429027
686 _aЧ426.132(2)42
700 1 _aБибилова
_bР. П.
_gРоза Петровна
_4070
701 1 _aГазаева
_bЛ. В.
_gЛариса Владимировна
_4070
801 0 _aRU
_bNLR
_c20050729
_grcr
801 1 _aRU
_bNLR
_c20050729
830 _aАвт. по кн.
942 _cBOOK
980 _aNB